Strategické aspekty marketingového územia

Podstata, východiská a proces strategického marketingového plánovania v území. Strategický manažment imidžu územia. Zdôraznenie strategických aspektov marketingu ako nástroja územného rozvoja so zreteľom na strategický manažment imidžu územia, ktorý tvorí neoddeliteľnú súčasť jeho celkového potenciá...

ver descrição completa

Na minha lista:
Detalhes bibliográficos
Autor principal: Hanuláková, Eva, 1964-
Formato: Capítulo de Livro
Idioma:eslovaco
Assuntos:
Tags: Adicionar Tag
Sem tags, seja o primeiro a adicionar uma tag!

MARC

LEADER 00000naa$a2200000$$$4500
001 0003939
005 20230825103208.7
041 0 |a slo 
044 |a SK 
245 1 0 |a Strategické aspekty marketingového územia  |c aut. Eva Hanuláková 
520 |a Podstata, východiská a proces strategického marketingového plánovania v území. Strategický manažment imidžu územia. Zdôraznenie strategických aspektov marketingu ako nástroja územného rozvoja so zreteľom na strategický manažment imidžu územia, ktorý tvorí neoddeliteľnú súčasť jeho celkového potenciálu. 
610 2 0 |a rozvoj územný 
610 2 0 |a marketing územia 
610 2 0 |a marketing 
610 2 0 |a Slovensko 
100 1 |a Hanuláková, Eva, 1964-